01497cam a2200181Ia 4500020002500000020002200025040001000047082002600057245014100083260007500224300004300299520082000342650001001162650001001172650001901182710006001201856005401261 a9789251062081 (pbk.) a9251062080 (pbk.) cBTCTA a634 FOO 2009 A091 Or.00aGlobal review of forests pests and diseases :ba thematic study prepared in the framework of the Global forest resources assessment 2005 aRome :bFood and Agriculture Organization of the United Nations,c2009 aix, 222 p. :bcol. ill., maps ;c30 cm aInsect pests, diseases and other biotic agents have considerable impacts on forests. They can adversely affect tree growth, vigor and survival, the yield and quality of wood and non-wood products, wildlife habitat, recreation and the aesthetic appeal and cultural value of forests. They may also impede forest plantation programs and make it necessary to abandon certain tree species or to clear cut large areas dominated by infested trees. This publication represents an effort to address forest pests and diseases comprehensively at the global level. Part I summarizes the results of a thematic study reviewing forest pests in 25 countries. Part II presents profiles of some globally important forest pest species, and III discusses select forest trees species and their associated pests.--Publisher's description 0aTrees 0aTrees 0aForest surveys2 aFood and Agriculture Organization of the United Nations41uhttp://www.fao.org/docrep/011/i0640e/i0640e00.htm